[Event "Steinfurt Bezirksklasse 0809"]
[Site "Germany"]
[Date "2009.03.28"]
[Round "6.8"]
[White "Weiss, Maria"]
[Black "Deneke, Udo"]
[Result "1-0"]
[WhiteElo "1034"]
[BlackElo "1272"]
[PlyCount "59"]
[EventDate "2008.09.13"]
[EventType "team-tourn"]
[EventRounds "7"]
[EventCountry "GER"]
[SourceTitle "EXT 2010"]
[Source "ChessBase"]
[SourceDate "2010.11.25"]
[SourceVersion "1"]
[SourceVersionDate "2010.11.25"]
[SourceQuality "1"]
[WhiteTeam "Rheine CC"]
[BlackTeam "Steinfurt IV"]
[WhiteTeamCountry "GER"]
[BlackTeamCountry "GER"]

1. e4 e6 2. d4 g6 3. Nf3 Bg7 4. Nc3 Ne7 5. Bd3 b6 6. 0-0 Bb7 7. Bf4 d6 8. Bc4 Nd7 9. Re1 0-0 10. Qd2 f6 11. Bxe6+ Kh8 12. Bh6 Ng8 13. Bxg7+ Kxg7 14. Bd5 c6 15. Bxg8 Kxg8 16. Qh6 Rf7 17. e5 Nf8 18. exf6 Rxf6 19. Ne4 Rf5 20. Nh4 Rh5 21. Qf4 Kg7 22. Nf3 Ne6 23. Qxd6 Qxd6 24. Nxd6 Nd8 25. Re7+ Kh6 26. Nxb7 Nxb7 27. Rxb7 Rf8 28. Rxa7 g5 29. Re1 g4 30. Re6+ 1-0

[Event "Steinfurt Bezirksliga 0607"]
[Site "Germany"]
[Date "2007.03.03"]
[Round "7.8"]
[White "Weiss, Maria"]
[Black "Muhmann, Reinhard"]
[Result "0-1"]
[WhiteElo "1037"]
[BlackElo "1492"]
[PlyCount "32"]
[EventDate "2006.09.09"]
[EventType "team-tourn"]
[EventRounds "9"]
[EventCountry "GER"]
[SourceTitle "EXT 2008"]
[Source "ChessBase"]
[SourceDate "2007.11.25"]
[SourceVersion "1"]
[SourceVersionDate "2007.11.25"]
[SourceQuality "1"]
[WhiteTeam "Rheine CC"]
[BlackTeam "Emsdetten Rochade III"]
[WhiteTeamCountry "GER"]
[BlackTeamCountry "GER"]

1. e4 e5 2. Nf3 Nc6 3. Bc4 Be7 4. Nc3 Nf6 5. d3 0-0 6. 0-0 d6 7. h3 Na5 8. Bb3 Nxb3 9. axb3 c6 10. Be3 h6 11. Bxa7 Nh7 12. Be3 Rxa1 13. Qxa1 f5 14. exf5 Bxf5 15. Qd1 Qd7 16. g4 Bxg4 0-1

[Event "Steinfurt Bezirksklasse 0203"]
[Site "Germany"]
[Date "2003.03.15"]
[Round "6.8"]
[White "Weiss, Maria"]
[Black "Gutjahr, Vladimir"]
[Result "0-1"]
[WhiteElo "1061"]
[BlackElo "1258"]
[PlyCount "69"]
[EventDate "2002.09.28"]
[EventType "team-tourn"]
[EventRounds "7"]
[EventCountry "GER"]
[SourceTitle "EXT 2005"]
[Source "ChessBase"]
[SourceDate "2004.11.15"]
[SourceVersion "1"]
[SourceVersionDate "2004.11.15"]
[SourceQuality "1"]
[WhiteTeam "Rheine CC"]
[BlackTeam "Steinfurt III"]
[WhiteTeamCountry "GER"]
[BlackTeamCountry "GER"]

1. e4 e5 2. Bc4 Bc5 3. Nf3 Nc6 4. d3 h6 5. a3 d6 6. 0-0 Qe7 7. Nc3 Nf6 8. h3 a6 9. Re1 0-0 10. Nd5 Nxd5 11. Bxd5 Nd8 12. d4 Ba7 13. dxe5 dxe5 14. b4 Ne6 15. Nxe5 Qf6 16. Bb2 Qxf2+ 17. Kh1 Nf4 18. Qf3 Qxf3 19. Nxf3 c6 20. Bb3 Be6 21. Re3 Bxe3 22. Re1 Ba7 23. Be5 Ng6 24. Bc7 Rac8 25. Bh2 b5 26. Rd1 Rfe8 27. Nd4 Bxb3 28. Nxb3 Rxe4 29. Rd6 Re1+ 30. Bg1 Rxg1+ 31. Kh2 Nh4 32. Rd2 Rf1 33. Nc5 Bb8+ 34. g3 Nf3+ 35. Kg2 0-1